| 000 | 02804nam0a2200445 4500 | ||
|---|---|---|---|
| 001 | RU\NLR\BIBL_A\012321304 | ||
| 005 | 20211111135942.0 | ||
| 010 |
_a978-5-7807-1337-1 _9100 |
||
| 021 |
_aRU _bКН-П-20-023858 _9КН-П-20-1858 |
||
| 035 | _a(NLR Aleph) 012321304 | ||
| 035 | _a(RuMoRGB)010328195 | ||
| 090 |
_a11423094 _c11423094 |
||
| 100 | _a20200826d2020 k y0rusy50 ca | ||
| 101 | 0 |
_arus _deng |
|
| 102 | _aRU | ||
| 105 | _a |||z|||100zy | ||
| 181 | 0 |
_ai _baxxe |
|
| 182 | 0 | _an | |
| 200 | 1 |
_aГосударство, общество, церковь в истории России XX-XXI веков _dState, society, church in the history of Russia (20th - 21st centuries) _eматериалы XIX Международной научной конференции, Иваново, 25-26 марта 2020 г. _fМинистерство науки и высшего образования Российской Федерации, ФГБОУ ВО "Ивановский государственный университет" [и др. _gредакционная коллегия: д-р ист. наук А.А. Корников (ответственный редактор) и др.] _zeng |
|
| 203 |
_aТекст _bвизуальный _cнепосредственный |
||
| 210 |
_aИваново _cИвановский государственный университет _d2020 |
||
| 215 |
_a695, [1] с. _cил., табл. _d21 |
||
| 300 | _aРез. англ. | ||
| 320 | _aБиблиогр. в конце ст. | ||
| 510 | 1 |
_aState, society, church in the history of Russia (20th - 21st centuries) _zeng |
|
| 601 | 0 | 2 |
_aРусская православная церковь _jСъезды, совещания и т.п _xИстория _zкон. 19 - нач. 21 вв. _92493246 _3RU\NLR\AUTH\6601695208 |
| 607 |
_aРоссия _jСъезды, совещания и т.п _xИстория _zкон. 19 - нач. 21 вв. _92610525 _3RU\NLR\AUTH\661547083 |
||
| 686 | 1 | _aТ3(2)52я431 | |
| 686 | 1 | _aТ3(2)7я431 | |
| 686 | 2 | _aЭ372.24.37я431 | |
| 702 | 1 |
_4340 _7ca _8rus _aКорников _bА. А. _f1949- _gАркадий Андрианович _93942 _3RU\NLR\AUTH\7720876 |
|
| 711 | 1 | 2 |
_a"Государство, общество, церковь в истории России XX-XXI веков", международная научная конференция _d19 _eИваново _f2020 _9711537 _3RU\NLR\AUTH\880525031 |
| 712 | 0 | 2 |
_4475 _aИвановский государственный университет _9283881 _3RU\NLR\AUTH\886063 |
| 942 | _cBOOK | ||
| 980 | _aNBR | ||
| 980 | _aNB | ||